| 000 | 00515nam a22001937a 4500 | ||
|---|---|---|---|
| 003 | CEME | ||
| 005 | 20210628203049.0 | ||
| 008 | 210419b xxu||||| |||| 00| 0 eng d | ||
| 020 | _a0-934035-02-4 | ||
| 040 | _c. | ||
| 082 | _a620.0042 KEN'A | ||
| 100 |
_aKent, Darothy _963108 |
||
| 245 | _aAutocad refernce guide , everything you wanted to know about autocad fast | ||
| 250 | _a2ND | ||
| 260 |
_aOREGON _bNEW RIDER _c1991 |
||
| 300 | _a304P | ||
| 650 |
_aAUTOCAD COMPUTER PROGRAM _963109 |
||
| 942 |
_cBK _2ddc |
||
| 999 |
_c572038 _d572038 |
||